طريق النصر في معركة الثار
| Main Author: | |
|---|---|
| Format: | Book |
| Published: |
Beirut :
Dar al-Fikr ,
1972
|
| Subjects: |
MARC
| LEADER | 00000cam a2200000 7i4500 | ||
|---|---|---|---|
| 001 | 0000026607 | ||
| 005 | 20040609093000.0 | ||
| 008 | 021119s1972 | ||
| 090 | 0 | 0 | |a DS126 |b .K4 |
| 100 | 0 | |a خطاب، محمود شيت , |e author | |
| 245 | 1 | 0 | |a طريق النصر في معركة الثار |c محمود شيت خطاب |
| 260 | 2 | |a Beirut : |b Dar al-Fikr , |c 1972 | |
| 300 | |a 351 p. ; |c 24 cm. | ||
| 504 | |a Bibliography: p. 343-346 | ||
| 651 | 0 | |a Israel-Arab War, 1948-1949 | |
| 651 | 0 | |a Israel |x Politics and government | |
| 651 | 0 | |a Palestine |x Politics and government | |
| 999 | |a 1000042881 |b Book |c OPEN SHELF (30 DAYS) |e Gong Badak Campus | ||